[Event "Plymouth (MI Op/4/6)"]
[Site "?"]
[Date "1984.??.??"]
[Round "?"]
[White "Kulbacki, James"]
[Black "Marfia, J.."]
[Result "1-0"]
[WhiteElo "1990"]
[BlackElo "2170"]
[PlyCount "57"]
[EventDate "1984.??.??"]

{4/(6)} 1. Nf3 c5 2. c4 Nc6 3. b3 e5 4. Nc3 f5 5. e3 e4 6. Ng1 Nf6 7. Bb2 Be7
8. Nh3 d6 9. d3 O-O 10. Nf4 exd3 11. Bxd3 Kh8 12. a3 Ne5 13. Be2 Qe8 14. Qc2
Qf7 15. h3 Bd7 16. O-O a6 17. Ncd5 Nxd5 18. Nxd5 Bc6 19. Rad1 Rae8 20. Rd2 Bd8
21. Rfd1 Ng6 22. Bh5 Bg5 23. Nf4 Be4 24. Qc1 Bxf4 25. exf4 Bxg2 26. f3 Bxf3 27.
Bxf3 Nxf4 28. Kh2 Nxh3 29. Rg2 1-0

[Event "Battle Creek (Insanity/4/2)"]
[Site "?"]
[Date "1984.??.??"]
[Round "?"]
[White "Kulbacki, James"]
[Black "Manion, Tom"]
[Result "1/2-1/2"]
[WhiteElo "2000"]
[BlackElo "1740"]
[PlyCount "40"]
[EventDate "1984.??.??"]

{4/(2)} 1. d4 d5 2. c4 e6 3. Nc3 Nf6 4. Bg5 Be7 5. e3 h6 6. Bh4 O-O 7. Nf3 Ne4
8. Bxe7 Nxc3 9. Bxd8 Nxd1 10. Be7 Nxb2 11. Bxf8 Kxf8 12. c5 Nc4 13. Bxc4 dxc4
14. Rc1 b5 15. cxb6 axb6 16. Rxc4 Rxa2 17. Rc1 Ba6 18. Nd2 Nc6 19. Rb1 Bd3 20.
Rc1 Nb4 1/2-1/2

[Event "Plymouth (MI Op/2/10)"]
[Site "?"]
[Date "1984.??.??"]
[Round "?"]
[White "Kulbacki, James"]
[Black "Johnson, Ty"]
[Result "1-0"]
[WhiteElo "1990"]
[BlackElo "2120"]
[PlyCount "77"]
[EventDate "1984.??.??"]

{2/(10)} 1. Nf3 g6 2. d4 Bg7 3. Bf4 d6 4. e3 c6 5. c3 Nf6 6. Nbd2 Nbd7 7. h3
O-O 8. Be2 Re8 9. O-O e5 10. Bh2 Qe7 11. Nc4 Ne4 12. Nfd2 Nxd2 13. Qxd2 d5 14.
Nxe5 Nxe5 15. dxe5 Bxe5 16. Bxe5 Qxe5 17. Rfd1 Qg5 18. Kh1 Qh4 19. Kg1 Re5 20.
Bf3 Bf5 21. Qe2 Rae8 22. Rd4 Be4 23. Rad1 f5 24. c4 dxc4 25. Qxc4+ Kg7 26. Rd7+
R8e7 27. Qd4 Qf6 28. Qxa7 Bxf3 29. gxf3 Rb5 30. Qa3 Rxd7 31. Rxd7+ Kh6 32. b3
Rd5 33. Rxd5 cxd5 34. Qa8 Qc6 35. Qf8+ Kg5 36. Qg7 h6 37. Kg2 Kh5 38. Qe7 Qc3
39. Kg3 $138 1-0

[Event "Plymouth (MI Op/6/22)"]
[Site "?"]
[Date "1984.??.??"]
[Round "?"]
[White "Kulbacki, James"]
[Black "Bautista, L.."]
[Result "1-0"]
[WhiteElo "1990"]
[BlackElo "1865"]
[PlyCount "69"]
[EventDate "1984.??.??"]

{6/(22)} 1. c4 e5 2. Nc3 f5 3. e3 Nf6 4. Nf3 d6 5. d4 e4 6. Nd2 g6 7. Be2 Bg7
8. b4 O-O 9. Qb3 Be6 10. a4 d5 11. Ba3 Re8 12. O-O Nc6 13. cxd5 Nxd5 14. Bc4
Nce7 15. b5 c6 16. Rfc1 Qd7 17. Rab1 Bf8 18. bxc6 bxc6 19. Nxd5 Nxd5 20. Bxf8
Kxf8 21. Qb7 Rab8 22. Qxb8 Rxb8 23. Rxb8+ Kg7 24. Rcb1 Kh6 25. R1b7 Qd6 26.
Bxd5 Qxd5 27. Nb3 Qc4 28. h4 Qe2 29. Nc5 Bc4 30. Rh8 Kh5 31. Rhxh7+ Kg4 32.
Rbg7 Qf1+ 33. Kh2 Bf7 34. Nd7 f4 35. Ne5+ 1-0

[Event "East Detroit (MCO/2/19)"]
[Site "?"]
[Date "1984.??.??"]
[Round "?"]
[White "Kulbacki, James"]
[Black "Aurand, G.."]
[Result "1/2-1/2"]
[WhiteElo "1975"]
[BlackElo "1605"]
[PlyCount "87"]
[EventDate "1984.??.??"]

{2/(19)} 1. Nf3 Nc6 2. c4 b6 3. d4 e6 4. g3 Bb7 5. Bg2 Nf6 6. O-O d5 7. cxd5
exd5 8. Nc3 Be7 9. Bf4 O-O 10. Nb5 Rc8 11. Bh3 Nd7 12. Rc1 a6 13. Nc3 Na5 14.
Ne5 f5 15. Qc2 g6 16. Bh6 Rf6 17. Bg2 Nf8 18. Rfd1 Ba8 19. h4 Nc4 20. Nxd5 Bxd5
21. Bxd5+ Qxd5 22. Qxc4 Qxc4 23. Rxc4 Re6 24. e3 c5 25. Rdc1 b5 26. R4c2 Bd6
27. Bxf8 Bxf8 28. Nd7 c4 29. Nxf8 Kxf8 30. b3 Rec6 31. bxc4 Rxc4 32. Rxc4 bxc4
33. Rc3 Ke7 34. f3 Rc6 35. e4 fxe4 36. fxe4 Re6 37. e5 Rc6 38. Kf2 Ke6 39. Ke3
Kd5 40. Ra3 c3 41. Ra5+ Kc4 42. Rc5+ Rxc5 43. dxc5 Kxc5 44. Kd3 1/2-1/2

[Event "Plymouth (MI Op/7/42)"]
[Site "?"]
[Date "1984.??.??"]
[Round "?"]
[White "Kraft, R.."]
[Black "Rankin, H.."]
[Result "1/2-1/2"]
[WhiteElo "1765"]
[BlackElo "1605"]
[PlyCount "95"]
[EventDate "1984.??.??"]

{7/(42)} 1. e4 c6 2. d4 d5 3. Nc3 dxe4 4. Nxe4 Nf6 5. Nxf6+ gxf6 6. Nf3 Bg4 7.
c3 e6 8. Be2 Qc7 9. Be3 Nd7 10. Qb3 Qb6 11. Qc2 Bf5 12. Bd3 Bxd3 13. Qxd3 Qc7
14. Nd2 O-O-O 15. Qe4 f5 16. Qf3 Bd6 17. Nc4 c5 18. Nxd6+ Qxd6 19. O-O-O c4 20.
Qe2 Qa6 21. Kb1 Nb6 22. g4 fxg4 23. Qxg4 Nd5 24. Qg7 b5 25. Qxf7 b4 26. cxb4
Nxb4 27. a3 Nd3 28. Rxd3 cxd3 29. Rc1+ Kb8 30. Rc3 Rc8 31. Rb3+ Ka8 32. d5 e5
33. Rxd3 e4 34. Rd1 Rcf8 35. Qe7 Re8 36. Qg7 Rb8 37. d6 Rbg8 38. Qd4 h6 39. d7
Rd8 40. Qxe4+ Qb7 41. Qe7 Qf3 42. Rd4 Qc6 43. Qg7 Rhg8 44. Qxg8 Rxg8 45. d8=Q+
Rxd8 46. Rxd8+ Kb7 47. a4 h5 48. h4 1/2-1/2

[Event "Plymouth (MI Op/1b/14)"]
[Site "?"]
[Date "1984.??.??"]
[Round "?"]
[White "Kraft, R.."]
[Black "Lehotzky, Attila"]
[Result "0-1"]
[WhiteElo "1765"]
[BlackElo "2020"]
[PlyCount "110"]
[EventDate "1984.??.??"]

1. e4 c5 2. Nf3 Nc6 3. d4 cxd4 4. Nxd4 Nf6 5. Nc3 a6 6. Bc4 e6 7. Be3 Bb4 8.
O-O Ne5 9. Bd3 Nxd3 10. Qxd3 Ng4 11. Bd2 O-O 12. Qg3 Qf6 13. Nf3 Qg6 14. Nd5
exd5 15. Bxb4 Re8 16. exd5 b5 17. Qc7 h5 18. Rfe1 f6 19. Rxe8+ Qxe8 20. Re1 Qf7
21. h3 Nh6 22. Qd8+ Kh7 23. Re8 Ng8 24. Rf8 Qxd5 25. Qc7 Bb7 26. Rxa8 Bxa8 27.
a3 Nh6 28. Qd6 Qxd6 29. Bxd6 Bxf3 30. gxf3 Nf5 31. Bc5 g5 32. Kg2 Kg6 33. f4
gxf4 34. Kf3 Kg5 35. Bb4 Nd4+ 36. Ke4 Nxc2 37. Bd6 f5+ 38. Kf3 Nd4+ 39. Kg2 f3+
40. Kh2 f4 41. Kh1 Nf5 42. Bc7 d5 43. Bd8+ Kg6 44. Bc7 d4 45. Bxf4 d3 46. Kg1
Nd4 47. Kf1 Nc2 48. Bd2 Kf5 49. Bc1 Ke4 50. Bd2 Kd4 51. Bc1 Kc4 52. Kg1 Kb3 53.
Kh2 h4 54. Kg1 Ka2 55. Kf1 Kb1 0-1

[Event "Plymouth (MI Op/4/19)"]
[Site "?"]
[Date "1984.??.??"]
[Round "?"]
[White "Kraft, R.."]
[Black "Kraft, C.."]
[Result "0-1"]
[WhiteElo "1765"]
[BlackElo "2100"]
[PlyCount "90"]
[EventDate "1984.??.??"]

{4/(19)} 1. e4 e5 2. Nf3 Nc6 3. Bb5 a6 4. Ba4 Nf6 5. O-O b5 6. Bb3 Be7 7. Re1
O-O 8. Nc3 d6 9. h3 Bb7 10. a3 Na5 11. Ba2 c5 12. d3 Re8 13. Ne2 Bf8 14. Ng3 g6
15. Be3 Bg7 16. Qd2 Nc6 17. c3 Qc7 18. Rad1 Rad8 19. Qc2 Na7 20. b4 Nc8 21. Rc1
a5 22. bxc5 dxc5 23. Red1 Nd6 24. Nd2 Kh8 25. f3 Nd7 26. Ne2 Rc8 27. Rf1 f5 28.
f4 fxe4 29. dxe4 exf4 30. Bxf4 Qc6 31. Bd5 Qb6 32. Bxb7 Nxb7 33. Nf3 c4+ 34.
Kh2 Nbc5 35. Ng5 Ne5 36. Be3 Qd6 37. Nf4 Ncd3 38. Rcd1 h6 39. Nf3 Nxf3+ 40.
Rxf3 g5 41. Kg1 gxf4 42. Bxf4 Qc6 43. e5 Nxf4 44. Rxf4 Rxe5 45. Rf7 Rce8 0-1

[Event "Plymouth (MI Op/3/55)"]
[Site "?"]
[Date "1984.??.??"]
[Round "?"]
[White "Kraft, R.."]
[Black "Baker, R.."]
[Result "1-0"]
[WhiteElo "1765"]
[BlackElo "1605"]
[PlyCount "111"]
[EventDate "1984.??.??"]

{3/(55)} 1. e4 e5 2. Nf3 Nc6 3. d4 exd4 4. Bc4 Be7 5. O-O d6 6. c3 d3 7. Qxd3
Nf6 8. Bg5 O-O 9. Bb3 Re8 10. Re1 Ng4 11. Bxe7 Rxe7 12. Nbd2 Nge5 13. Nxe5 Nxe5
14. Qg3 Be6 15. f4 Bxb3 16. axb3 Nd7 17. Nf3 Qe8 18. Qh3 Nc5 19. e5 dxe5 20.
Nxe5 Rd8 21. Nf3 h6 22. Rxe7 Qxe7 23. Nd4 Qf6 24. Qe3 a6 25. Re1 Qb6 26. b4 Ne6
27. Nxe6 Qxe3+ 28. Rxe3 fxe6 29. Rxe6 Kf7 30. Re2 Rd3 31. Kf2 Kf6 32. Re3 Rd5
33. Kf3 c5 34. bxc5 Rxc5 35. Rd3 Ke6 36. g4 Rb5 37. b4 Rd5 38. Rxd5 Kxd5 39.
Ke3 Kc4 40. Kd2 b6 41. Kc2 a5 42. bxa5 bxa5 43. h4 a4 44. g5 h5 45. f5 Kd5 46.
Kb2 Ke5 47. c4 Kxf5 48. Ka3 Ke6 49. Kxa4 Kd7 50. Kb5 Kc7 51. Kc5 g6 52. Kd5 Kd7
53. c5 Kc7 54. c6 Kc8 55. Ke6 Kc7 56. Kf6 1-0

[Event "Plymouth (MI Op/5/13)"]
[Site "?"]
[Date "1984.??.??"]
[Round "?"]
[White "Kraft, C.."]
[Black "Yahkind, Alex"]
[Result "1-0"]
[WhiteElo "2100"]
[BlackElo "1950"]
[PlyCount "87"]
[EventDate "1984.??.??"]

{5/(13)} 1. e4 c5 2. Nf3 e6 3. d4 cxd4 4. Nxd4 Nf6 5. Bd3 Nc6 6. Be3 Be7 7. O-O
d6 8. c4 O-O 9. Nc3 a6 10. Qe2 Qc7 11. Rad1 b6 12. f4 Nxd4 13. Bxd4 e5 14. fxe5
dxe5 15. Be3 Bg4 16. Qf2 Bxd1 17. Bxb6 Qc6 18. Nd5 Bd8 19. Bxd8 Nxd5 20. exd5
Qd6 21. Bb6 e4 22. Rxd1 exd3 23. Bc5 Qh6 24. Bxf8 Rxf8 25. Qd2 Qb6+ 26. Qf2 Qb4
27. b3 Re8 28. Qd2 Qc5+ 29. Kh1 Re2 30. Qxd3 Qf2 31. Qg3 Qxg3 32. hxg3 Kf8 33.
d6 Ke8 34. d7+ Kd8 35. Rd6 Rxa2 36. c5 Rc2 37. c6 Rc1+ 38. Kh2 h5 39. g4 h4 40.
g5 a5 41. g6 fxg6 42. Re6 Rd1 43. Re8+ Kc7 44. Rc8+ 1-0

[Event "Plymouth (MI Op/3/29)"]
[Site "?"]
[Date "1984.??.??"]
[Round "?"]
[White "Kraft, C.."]
[Black "Swathell, Gary"]
[Result "1-0"]
[WhiteElo "2100"]
[BlackElo "1640"]
[PlyCount "89"]
[EventDate "1984.??.??"]

{3/(29)} 1. e4 e5 2. Nf3 Nc6 3. Bb5 a6 4. Ba4 Nf6 5. O-O d6 6. Bxc6+ bxc6 7.
Re1 Be7 8. d4 Bg4 9. dxe5 Bxf3 10. Qxf3 dxe5 11. Rd1 Qc8 12. Qc3 O-O 13. Qxc6
Rd8 14. Rd3 Rb8 15. Nc3 Rxd3 16. cxd3 Rb6 17. Nd5 Nxd5 18. Qxd5 Rd6 19. Qxe5
Bf6 20. Qc5 Qg4 21. Qc2 Qd7 22. Be3 Rxd3 23. g3 h6 24. Rc1 c5 25. b3 Rc3 26.
Qd2 Rxc1+ 27. Qxc1 Qd3 28. f3 Bb2 29. Qxb2 Qxe3+ 30. Kg2 Kh7 31. Qf2 Qc3 32.
Qe2 a5 33. e5 Kg8 34. f4 Qd4 35. f5 Qd5+ 36. Kh3 Qd7 37. e6 Qe7 38. exf7+ Kxf7
39. Qxe7+ Kxe7 40. Kg4 Kf6 41. Kf4 h5 42. h3 g5+ 43. fxg6 Kxg6 44. h4 Kf6 45.
g4 1-0

[Event "Plymouth (MI Op/7/12)"]
[Site "?"]
[Date "1984.??.??"]
[Round "?"]
[White "Kraft, C.."]
[Black "Kulbacki, James"]
[Result "0-1"]
[WhiteElo "2100"]
[BlackElo "1990"]
[PlyCount "68"]
[EventDate "1984.??.??"]

{7/(12)} 1. e4 e6 2. d4 d5 3. Nd2 c5 4. exd5 Qxd5 5. Ngf3 cxd4 6. Bc4 Qd8 7.
Nb3 Nc6 8. Nbxd4 Bd7 9. O-O Nf6 10. Bf4 a6 11. Re1 Be7 12. Qe2 O-O 13. Rad1 Qb6
14. Nb3 Rfd8 15. c3 Rac8 16. Bd3 Na5 17. Nxa5 Qxa5 18. a3 Ba4 19. Bc2 Bb5 20.
Qe5 Rc5 21. Qe3 Rcd5 22. Be5 Ba4 23. Bxa4 Qxa4 24. Rxd5 Rxd5 25. Bxf6 Bxf6 26.
Qe2 b5 27. h3 h6 28. Nd2 Be7 29. Nf3 Qf4 30. Nd4 Bc5 31. g3 Qd6 32. Nf3 Qxg3+
33. Kh1 Qxh3+ 34. Kg1 Rh5 0-1

[Event "Plymouth (MI Op/2/24)"]
[Site "?"]
[Date "1984.??.??"]
[Round "?"]
[White "Kraft, C.."]
[Black "Frawley, Ed"]
[Result "1-0"]
[WhiteElo "2100"]
[BlackElo "1670"]
[PlyCount "55"]
[EventDate "1984.??.??"]

{2/(24)} 1. e4 Nf6 2. e5 Nd5 3. c4 Nb6 4. d4 d6 5. f4 dxe5 6. fxe5 Bf5 7. Nc3
e6 8. Be3 Be7 9. Bd3 Nc6 10. Bxf5 Nxc4 11. Qd3 Nxe3 12. Qxe3 exf5 13. Nf3 O-O
14. O-O Re8 15. Rad1 Bf8 16. Qf4 Qd7 17. d5 Bc5+ 18. Kh1 Ne7 19. Ng5 Ng6 20. e6
fxe6 21. Qc4 exd5 22. Nxd5 Kh8 23. Qxc5 Rad8 24. Nc3 Qc8 25. Nf7+ Kg8 26. Rxd8
Rxd8 27. Nxd8 Qxd8 28. Qd5+ 1-0

[Event "Plymouth (MI Op/5/11)"]
[Site "?"]
[Date "1984.??.??"]
[Round "?"]
[White "Knecht, Mark"]
[Black "Pierce, Kevin"]
[Result "0-1"]
[WhiteElo "2105"]
[BlackElo "1955"]
[PlyCount "86"]
[EventDate "1984.??.??"]

{5/(11)} 1. e4 d6 2. d4 g6 3. Nc3 Bg7 4. f4 Nf6 5. Nf3 O-O 6. Be3 c5 7. dxc5
Qa5 8. Bd3 Ng4 9. Bd2 Qxc5 10. Qe2 Nf6 11. h3 Nh5 12. Be3 Bxc3+ 13. bxc3 Qxc3+
14. Kf2 Nc6 15. g4 Nf6 16. Rag1 d5 17. e5 Ne4+ 18. Bxe4 dxe4 19. Ng5 Nd4 20.
Bxd4 Qxd4+ 21. Kg3 Qc3+ 22. Kh2 e3 23. Rg3 Rd8 24. Ne4 Qa5 25. Qxe3 Qxa2 26.
Rg2 b6 27. f5 Qd5 28. Ng5 Bb7 29. Rhg1 Qd4 30. Qxd4 Rxd4 31. Rf2 h6 32. Nf3
Bxf3 33. Rxf3 Rc8 34. Rg2 Re4 35. fxg6 fxg6 36. Ra3 Rc7 37. Rd2 Rxe5 38. Rd8+
Kg7 39. c3 Re2+ 40. Kg1 Re3 41. Ra8 Rxh3 42. R8xa7 Rhxc3 43. Rxc3 Rxa7 0-1

[Event "Plymouth (MI Op/3/16)"]
[Site "?"]
[Date "1984.??.??"]
[Round "?"]
[White "Knecht, Mark"]
[Black "Hendricks, Marcus"]
[Result "1-0"]
[WhiteElo "2105"]
[BlackElo "1805"]
[PlyCount "65"]
[EventDate "1984.??.??"]

{3/(16)} 1. e4 c5 2. Nf3 d6 3. d4 cxd4 4. Nxd4 Nf6 5. Nc3 g6 6. Be3 Bg7 7. f3
O-O 8. Qd2 Nc6 9. Bc4 a6 10. h4 b5 11. Nxc6 Qc7 12. Bd5 e6 13. Ne7+ Qxe7 14.
Bxa8 Qc7 15. e5 dxe5 16. Be4 b4 17. Ne2 Rd8 18. Qxb4 Bf8 19. Qb6 Qd7 20. O-O
Nd5 21. Bxd5 exd5 22. Rfd1 d4 23. Bg5 Re8 24. Ng3 h6 25. Bd2 Re6 26. Qb3 f5 27.
Bb4 Bg7 28. c3 Kh7 29. cxd4 exd4 30. Rac1 Bf6 31. Qc4 Bxh4 32. Rxd4 Qe8 33.
Rxh4 1-0

[Event "Plymouth (MI Op/1a/11)"]
[Site "?"]
[Date "1984.??.??"]
[Round "?"]
[White "Knecht, Mark"]
[Black "Gaba, H.."]
[Result "1/2-1/2"]
[WhiteElo "2105"]
[BlackElo "1840"]
[PlyCount "76"]
[EventDate "1984.??.??"]

1. e4 e5 2. Nf3 Nc6 3. Bb5 a6 4. Ba4 Nf6 5. d4 b5 6. Bb3 Nxd4 7. Bxf7+ Kxf7 8.
Nxe5+ Ke6 9. Qxd4 c5 10. Qc3 Nxe4 11. Qe3 Kxe5 12. Qf4+ Kd5 13. Qf5+ Kc6 14.
Qxe4+ d5 15. Qf3 Bd6 16. Nc3 Be6 17. Bd2 Rf8 18. Qe2 Qf6 19. O-O-O Rae8 20. f3
Rf7 21. Qf1 Qf5 22. g4 Qf6 23. Qg2 Bf4 24. Bxf4 Qxf4+ 25. Qd2 Qxd2+ 26. Kxd2 b4
27. Ne2 d4 28. b3 Bd5 29. Ng1 Re3 30. Re1 Rxe1 31. Kxe1 Bxf3 32. Nxf3 Rxf3 33.
Ke2 Rf4 34. h3 Kd5 35. a3 a5 36. axb4 axb4 37. Ra1 Rf7 38. Ra8 h6 1/2-1/2

[Event "Plymouth (MI Op/7/16)"]
[Site "?"]
[Date "1984.??.??"]
[Round "?"]
[White "Knecht, Mark"]
[Black "Franke, R.."]
[Result "1-0"]
[WhiteElo "2105"]
[BlackElo "1845"]
[PlyCount "131"]
[EventDate "1984.??.??"]

{7/(16)} 1. e4 c5 2. Nf3 Nc6 3. d4 cxd4 4. Nxd4 g6 5. c4 Bg7 6. Be3 Nf6 7. Nc3
d6 8. Be2 O-O 9. O-O Bd7 10. f3 Rc8 11. Rc1 Nxd4 12. Bxd4 b6 13. Qd2 Ne8 14.
Bxg7 Kxg7 15. Rfd1 Qc7 16. Nd5 Qd8 17. Qg5 Nf6 18. Nxf6 exf6 19. Qf4 Be6 20.
Qxd6 Qxd6 21. Rxd6 Rc7 22. b3 Rfc8 23. Kf2 Kf8 24. Ke3 Ke7 25. Rd2 Rc5 26. Rdc2
f5 27. exf5 Bxf5 28. Rc3 Be6 29. a3 a5 30. b4 axb4 31. axb4 R5c7 32. c5 bxc5
33. Rxc5 Rxc5 34. Rxc5 Rb8 35. b5 Kd6 36. Rc2 Bd7 37. Rb2 Kc5 38. Kf4 f6 39. g4
g5+ 40. Ke3 Rb6 41. f4 h6 42. fxg5 hxg5 43. h3 Rd6 44. Rc2+ Kb6 45. Ke4 Re6+
46. Kd5 Re5+ 47. Kd6 Bxb5 48. Bxb5 Kxb5 49. Rf2 Re3 50. Rxf6 Rxh3 51. Ke5 Kc5
52. Kf5 Kd5 53. Kxg5 Ke5 54. Rf5+ Ke6 55. Kg6 Ke7 56. g5 Rg3 57. Kh6 Rh3+ 58.
Kg7 Rg3 59. g6 Rg1 60. Re5+ Kd7 61. Kh7 Rh1+ 62. Kg8 Rg1 63. g7 Rg2 64. Kf7
Rf2+ 65. Kg6 Rg2+ 66. Rg5 1-0

[Event "Plymouth (MI Op/2/8)"]
[Site "?"]
[Date "1984.??.??"]
[Round "?"]
[White "Kitts, Gary"]
[Black "Thompson, Dexter"]
[Result "0-1"]
[WhiteElo "2015"]
[BlackElo "2130"]
[PlyCount "74"]
[EventDate "1984.??.??"]

{2/(8)} 1. e4 e5 2. Nf3 Nc6 3. Bb5 a6 4. Ba4 Nf6 5. O-O Be7 6. Re1 b5 7. Bb3
O-O 8. c3 d5 9. d4 exd4 10. exd5 Nxd5 11. Nxd4 Nxd4 12. Qxd4 Be6 13. Nd2 c5 14.
Qe4 Nf6 15. Qe2 c4 16. Bc2 Re8 17. Ne4 Bf5 18. Bf4 Nxe4 19. Bxe4 Bc5 20. Qf3
Bxe4 21. Rxe4 Qb6 22. Rae1 Rxe4 23. Rxe4 Rd8 24. Qe2 Bxf2+ 25. Kf1 Bc5 26. Bg5
f6 27. Bf4 Qc6 28. Re6 Rd1+ 29. Qxd1 Qxe6 30. Qd8+ Kf7 31. Qc7+ Be7 32. Bg3
Qf5+ 33. Ke2 Qc2+ 34. Kf1 Qxb2 35. Bd6 Qc1+ 36. Ke2 Qc2+ 37. Ke1 Qxc3+ 0-1

[Event "Plymouth (MI Op/7/19)"]
[Site "?"]
[Date "1984.??.??"]
[Round "?"]
[White "Kitts, Gary"]
[Black "Long, Randy"]
[Result "1-0"]
[WhiteElo "2015"]
[BlackElo "1815"]
[PlyCount "85"]
[EventDate "1984.??.??"]

{7/(19)} 1. e4 d6 2. d4 Nf6 3. Nc3 g6 4. f4 c6 5. Nf3 Bg4 6. Be2 Nbd7 7. h3
Bxf3 8. Bxf3 e5 9. Be3 Bg7 10. O-O O-O 11. Qd2 Qc7 12. Rad1 Nb6 13. Be2 Rad8
14. Qe1 exd4 15. Bxd4 Rfe8 16. Bd3 Nxe4 17. Bxg7 Nxc3 18. Qxc3 Nd5 19. Qd4 Ne3
20. Bf6 Ra8 21. Rde1 Nxf1 22. Rxe8+ Rxe8 23. Kxf1 a6 24. Qf2 Re6 25. Bc3 Qe7
26. Qd4 f5 27. Qh8+ Kf7 28. Qxh7+ Ke8 29. Qxe7+ Kxe7 30. Kf2 d5 31. Bd4 Kf7 32.
g4 fxg4 33. hxg4 Re8 34. Kg3 Rc8 35. b4 Ra8 36. Kh4 a5 37. a3 axb4 38. axb4 Ra4
39. c3 Ra2 40. Kg5 Rg2 41. Bxg6+ Kf8 42. f5 Kg8 43. f6 1-0

[Event "Plymouth (MI Op/4/25)"]
[Site "?"]
[Date "1984.??.??"]
[Round "?"]
[White "Kitts, Gary"]
[Black "Kung, Fred"]
[Result "1-0"]
[WhiteElo "2015"]
[BlackElo "1750"]
[PlyCount "35"]
[EventDate "1984.??.??"]

{4/(25)} 1. e4 e5 2. Nf3 Nc6 3. Bb5 a6 4. Ba4 Nf6 5. O-O Nxe4 6. d4 b5 7. Bb3
d5 8. dxe5 Be6 9. c3 Bc5 10. Nbd2 O-O 11. Qe2 Nxd2 12. Bxd2 f6 13. exf6 Qxf6
14. Ng5 Bf7 15. Qd3 Rfd8 16. Qxh7+ Kf8 17. Rae1 Ne7 18. Qh8+ 1-0

[Event "Plymouth (MI Op/3/87)"]
[Site "?"]
[Date "1984.??.??"]
[Round "?"]
[White "King, J.."]
[Black "Suess, J.."]
[Result "1/2-1/2"]
[WhiteElo "1605"]
[BlackElo "1605"]
[PlyCount "123"]
[EventDate "1984.??.??"]

{3/(87)} 1. e4 Nc6 2. d4 e6 3. Nf3 Nf6 4. e5 Nd5 5. c4 Bb4+ 6. Bd2 Bxd2+ 7.
Qxd2 Ndb4 8. d5 exd5 9. cxd5 Qe7 10. dxc6 Nxc6 11. Bb5 Nxe5 12. Nxe5 Qxe5+ 13.
Qe2 f6 14. f4 Qxe2+ 15. Bxe2 d6 16. Nc3 Bd7 17. Nb5 Kd8 18. O-O Re8 19. Nc3 c6
20. Rad1 Kc7 21. Rfe1 d5 22. Bd3 f5 23. Re5 Rxe5 24. fxe5 Re8 25. Re1 Be6 26.
Ne2 g6 27. Nf4 Bf7 28. Kf2 Kd7 29. Nh3 h6 30. Re3 Be6 31. Nf4 Rg8 32. Nxe6 Kxe6
33. Kf3 g5 34. h3 h5 35. g4 hxg4+ 36. hxg4 fxg4+ 37. Kxg4 Ke7 38. Rf3 Rg7 39.
Rf5 Ke6 40. Rxg5 Rxg5+ 41. Kxg5 Kxe5 42. Kg4 c5 43. Kf3 Kd4 44. Ke2 c4 45. Bb1
b5 46. Kd1 b4 47. Kd2 a5 48. Kc2 a4 49. Kd2 Kc5 50. Bf5 d4 51. Kc1 c3 52. bxc3
bxc3 53. Be4 Kb4 54. Kb1 a3 55. Ka1 Kc4 56. Kb1 d3 57. Bxd3+ Kxd3 58. Kc1 Kc4
59. Kc2 Kd4 60. Kc1 Kd3 61. Kd1 c2+ 62. Kc1 1/2-1/2

[Event "Plymouth (MI Op/1a/29)"]
[Site "?"]
[Date "1984.??.??"]
[Round "?"]
[White "King, J.."]
[Black "Hazzard, Bill"]
[Result "0-1"]
[WhiteElo "1605"]
[BlackElo "1660"]
[PlyCount "80"]
[EventDate "1984.??.??"]

1. e4 d6 2. d4 Nf6 3. Nc3 g6 4. f4 Bg7 5. Nf3 O-O 6. Be2 Nc6 7. O-O a6 8. a4 e6
9. b3 Re8 10. Ba3 e5 11. dxe5 dxe5 12. Qxd8 Rxd8 13. Rad1 Bg4 14. fxe5 Nd7 15.
Ng5 Bxe2 16. Nxe2 Ndxe5 17. Bb2 h6 18. Bxe5 Nxe5 19. Nf3 c5 20. Rd5 Rxd5 21.
exd5 Rd8 22. Nxe5 Bxe5 23. c4 Rd6 24. Nf4 Kg7 25. Rf3 Rb6 26. Kf1 Bxf4 27. Rxf4
Rxb3 28. Rf3 Rb6 29. Rd3 Rd6 30. Ke2 f5 31. Kf2 Kf6 32. Re3 g5 33. Re8 f4 34.
Rb8 Ke5 35. Rxb7 Kd4 36. Rb1 Kxc4 37. Rd1 Rxd5 38. Rxd5 Kxd5 39. Ke1 Kc4 40.
Kd1 Kb4 0-1

[Event "Plymouth (MI Op/5/85)"]
[Site "?"]
[Date "1984.??.??"]
[Round "?"]
[White "King, J.."]
[Black "Choyke, J.."]
[Result "1/2-1/2"]
[WhiteElo "1605"]
[BlackElo "1605"]
[PlyCount "46"]
[EventDate "1984.??.??"]

{5/(85)} 1. e4 Nf6 2. e5 Nd5 3. c4 Nb6 4. d4 d6 5. exd6 cxd6 6. Nf3 g6 7. Bd3
Bg7 8. O-O Nc6 9. Be3 O-O 10. Nbd2 d5 11. Rc1 e5 12. dxe5 Nxe5 13. Nb3 Nxf3+
14. Qxf3 dxc4 15. Bxc4 Nxc4 16. Rxc4 Bxb2 17. Rd1 Qf6 18. Rf4 Qe7 19. Bc5 Qc7
20. Bxf8 Kxf8 21. h3 Be6 22. Nd4 Bxd4 23. Rfxd4 Bxa2 1/2-1/2

[Event "Plymouth (MI Op/4/58)"]
[Site "?"]
[Date "1984.??.??"]
[Round "?"]
[White "Key_Smith, G.."]
[Black "White, B.."]
[Result "1-0"]
[WhiteElo "1805"]
[BlackElo "1605"]
[PlyCount "59"]
[EventDate "1984.??.??"]

{4/(58)} 1. d4 f5 2. Nf3 e6 3. g3 Nf6 4. Bg2 Be7 5. O-O O-O 6. c4 d5 7. e3 Nbd7
8. Nbd2 c5 9. b3 cxd4 10. Nxd4 Ne5 11. Qe2 a6 12. Bb2 Qc7 13. Rac1 Nc6 14. N2f3
Ne4 15. Nxc6 bxc6 16. Rfd1 Qb7 17. cxd5 cxd5 18. Be5 Qb5 19. Qb2 Bf6 20. Bxf6
Nxf6 21. Rc7 Bb7 22. Nd4 Qb6 23. Nxe6 Qxe6 24. Rxb7 Rf7 25. Rxf7 Qxf7 26. Qe5
Rd8 27. Qxf5 g6 28. Qe5 Ng4 29. Qb2 Ne5 30. Qxe5 1-0

[Event "Plymouth (MI Op/2/47)"]
[Site "?"]
[Date "1984.??.??"]
[Round "?"]
[White "Key_Smith, G.."]
[Black "Staples, Christian"]
[Result "0-1"]
[WhiteElo "1805"]
[BlackElo "1605"]
[PlyCount "78"]
[EventDate "1984.??.??"]

{2/(47)} 1. d4 Nf6 2. c4 e6 3. Nc3 Bb4 4. Nf3 Ne4 5. Qc2 d5 6. a3 Bxc3+ 7. bxc3
b6 8. cxd5 Qxd5 9. e3 Bb7 10. c4 Qa5+ 11. Nd2 Qc3 12. Qxc3 Nxc3 13. a4 Ne4 14.
Nxe4 Bxe4 15. f3 Bb7 16. Ba3 Nd7 17. Rb1 Bc6 18. a5 bxa5 19. Bd3 Nb6 20. O-O
Rd8 21. f4 f6 22. Rb2 Kf7 23. c5 Nd5 24. Re1 g6 25. Bc4 Nc3 26. Rb3 Ne4 27. Re2
Rb8 28. Rxb8 Rxb8 29. Rb2 Rxb2 30. Bxb2 a4 31. Bd3 Nd2 32. Kf2 f5 33. Ke2 Nb3
34. g3 Bd5 35. Bb5 Na5 36. Bxa4 c6 37. Bc3 Nb7 38. Kd2 Kg7 39. Bd1 h6 $138 0-1

[Event "Plymouth (MI Op/6/24)"]
[Site "?"]
[Date "1984.??.??"]
[Round "?"]
[White "Key_Smith, G.."]
[Black "Knecht, Mark"]
[Result "0-1"]
[WhiteElo "1805"]
[BlackElo "2105"]
[PlyCount "68"]
[EventDate "1984.??.??"]

{6/(24)} 1. d4 f5 2. Nf3 Nf6 3. g3 g6 4. Bg2 Bg7 5. O-O O-O 6. c4 d6 7. Nc3 Nc6
8. Re1 Ne4 9. Nxe4 fxe4 10. Ng5 Nxd4 11. Nxe4 c6 12. e3 Nf5 13. Rb1 Be6 14. b3
Qa5 15. Re2 Nh6 16. Bb2 Bxb2 17. Rbxb2 Bg4 18. Qe1 Qh5 19. Red2 Bf3 20. Rd4
Bxg2 21. Kxg2 Qf3+ 22. Kg1 c5 23. Ng5 Qf6 24. Ne4 Qf5 25. Nxd6 exd6 26. Rxd6
Rae8 27. Rbd2 Qh3 28. e4 Nf5 29. Rd7 Nd4 30. R2xd4 cxd4 31. Rxd4 Qe6 32. Kg2
Qf6 33. Rd2 Qf3+ 34. Kg1 Rxe4 0-1

[Event "Plymouth (MI Op/4/14)"]
[Site "?"]
[Date "1984.??.??"]
[Round "?"]
[White "Kensek, R.."]
[Black "Halstead, Kevin"]
[Result "1-0"]
[WhiteElo "2210"]
[BlackElo "1605"]
[PlyCount "53"]
[EventDate "1984.??.??"]

{4/(14)} 1. e4 e5 2. Nf3 Nc6 3. d4 d6 4. dxe5 Nxe5 5. Nxe5 dxe5 6. Qxd8+ Kxd8
7. Bc4 f6 8. Be3 Bb4+ 9. Nd2 Ke7 10. O-O-O Be6 11. c3 Ba5 12. Bc5+ Kf7 13.
Bxe6+ Kxe6 14. Nb3 Bb6 15. Rd3 Ne7 16. Rhd1 Rac8 17. Rd7 Rhe8 18. a4 f5 19. a5
Bxc5 20. Nxc5+ Kf6 21. exf5 Nxf5 22. Nxb7 Ke6 23. g4 Ne7 24. Nc5+ Kf6 25. Na6
Nc6 26. Nxc7 Re7 27. Nd5+ 1-0

[Event "Plymouth (MI Op/7/3)"]
[Site "?"]
[Date "1984.??.??"]
[Round "?"]
[White "Kensek, R.."]
[Black "Hahn, David"]
[Result "1-0"]
[WhiteElo "2210"]
[BlackElo "2100"]
[PlyCount "61"]
[EventDate "1984.??.??"]

{7/(3)} 1. e4 g6 2. d4 Bg7 3. Nc3 d6 4. Nf3 Nf6 5. h3 O-O 6. Be3 b6 7. e5 Nfd7
8. exd6 cxd6 9. Be2 Bb7 10. O-O Nf6 11. Nd2 Nbd7 12. a4 a6 13. Re1 Rc8 14. Bd3
Rc7 15. Qe2 Qa8 16. f3 e5 17. dxe5 dxe5 18. Nc4 e4 19. fxe4 Nxe4 20. Nxe4 Bxe4
21. Nxb6 Nxb6 22. Bxb6 Bxd3 23. Qxd3 Rb7 24. a5 Bxb2 25. Rad1 Rbb8 26. Re7 Qc6
27. Rc7 Qe6 28. Qxa6 Rbd8 29. Qf1 Qe5 30. Rxd8 Rxd8 31. Qxf7+ 1-0